| 000 | 00764nam a2200229Ia 4500 | ||
|---|---|---|---|
| 003 | GCL | ||
| 008 | 140319s9999 xx 000 0 ara d | ||
| 040 |
_aGCL / _cGCL |
||
| 082 | 0 | 4 |
_aق _b609.62 _bم م |
| 100 | 1 | _aاحمد شوقى | |
| 245 | 1 | 0 |
_aمبادرة للتقدم استيعاب التكنولوجيا المتقدمة فى مصر / _cاحمد شوقى |
| 700 | 1 | _aمحمد السيد سعيد | |
| 700 | 1 | _aحمدى ابوالنجا | |
| 300 | _a493 ص | ||
| 490 |
_aالهيئة العامة للاستعلامات _v0 |
||
| 650 | 0 | 4 | _aالتكنولوجيا |
| 650 | 0 | 4 | _aالكيمياء الصناعية |
| 650 | 0 | 4 | _aالصناعات |
| 650 | 0 | 4 | _aالتكنواطية |
| 650 | 0 | 4 | _aالتكنولوجيا - تاريخ |
| 942 |
_2ddc _cBK |
||
| 999 |
_c52140 _d52140 |
||